| 000 | 00331nam a22001337a 4500 | ||
|---|---|---|---|
| 008 | 190305b xxu||||| |||| 00| 0 eng d | ||
| 020 | _a9781437702590 | ||
| 041 | _aeng | ||
| 080 |
_25th _a610.73 |
||
| 100 | _a1 | ||
| 101 | _aINF | ||
| 245 |
_aFoundations of Maternal-Newborn and Women's Health Nursing _cMurray |
||
| 942 |
_2udc _cBK |
||
| 999 |
_c54534 _d54534 |
||